000 02822aam a2200373 i 4500
001 768714001
003 CO-MdFUSB
005 20241202172844.0
007 ta
008 231031t20062006spaa||ag |||| 00| 0 spa d
020 _a8484567192
040 _aCO-MdFUSB
_bspa
_cCO-MdFUSB
_dCO-MdFUSBC
_erda
041 _aspa
082 _223
_a940.1
_bJ82
100 _aJornet i Benito, Núria,
245 4 _aLas relaciones en la historia de la Europa medieval
_c/ Núria Jornet i Benito , Teresa Vinyoles Vidal , Maria- Milagros Rivera Garretas , Blanca Garí , María del Carmen García Herrero , M. Elisa Varela Rodríguez
264 1 _aValencia, España :
_bTirant Lo Blanch,
_c[2006]
264 4 _c©2006
300 _a493 páginas
_c; 22 cm
_eIncluye CD
336 _2rdacontent
_atexto
_btxt
337 _2rdamedia
_asin mediación
_bn
338 _2rdacarrier
_avolumen
_bnc
490 _aColección crónica
505 _tLa relación con los recuerdos: la autoridad y el poder de la memoria:
_aEl poder de la memoria -- La autoridad de la memoria -- Laboratorio de escritura de historia, de critica historiográfica y de dialogo entre el presente y el pasado -- Textos
_tUna tierra para vivir:
_aMovimientos de pueblos. -- Disfrutar la tierra. -- El espacio doméstico. -- Laboratorio de escritura de historia, de crítica historiográfica y de diálogo entre el presente y el pasado. -- Textos
_tLa política sexual:
_aLa política sexual, fundamento de la política -- La libertad y la opresión sexual -- La fidelidad al amor -- Laboratorio de escritura de historia, de critica historiográfica y de dialogo entre el presente y el pasado
_tLa vida del espíritu:
_aEl encuentro con la pobreza -- El encuentro con Dios hecho palabra -- Pasión y devoción: arte, literatura y performance -- Ortodoxia y heterodoxia: una relación en movimiento -- Laboratorio de escritura de historia, de crítica historiográfica y de diálogo entre el presente y el pasado
_tLas relaciones económicas:
_aPesar, contar y medir -- El mundo urbano -- Las relaciones comerciales -- Las relaciones con el dinero -- Laboratorio de escritura de historia, de crítica historiográfica y de diálogo entre el presente y el pasado.
_tLa oralidad, la cultura escrita y el aprendizaje:
_aLa oralidad -- La escritura -- Aprender a aprender -- Laboratorio de escritura de historia, de critica historiográfica y de dialogo entre el presente y el pasado.
700 _98940
_aJornet i Benito, Núria,
_eautor
700 _98942
_aVinyoles Vidal, Teresa,
_eautor
700 _98943
_aRivera Garretas, María- Milagros,
_eautor
700 _98944
_aGarí, Blanca,
_eautor
700 _98945
_aGarcía Herrero, María del Carmen,
_eautor
700 _98946
_aVarela Rodríguez, M. Elisa,
_eautor
942 _cBK
945 _asor1564
999 _c69246
_d69246